<?xml version="1.0" encoding="UTF-8"?>
<record
    xmlns:xsi="http://www.w3.org/2001/XMLSchema-instance"
    xsi:schemaLocation="http://www.loc.gov/MARC21/slim http://www.loc.gov/standards/marcxml/schema/MARC21slim.xsd"
    xmlns="http://www.loc.gov/MARC21/slim">

  <leader>03962nam a2200337 a 4500</leader>
  <controlfield tag="003">CHAP</controlfield>
  <controlfield tag="005">20250821124242.0</controlfield>
  <controlfield tag="007">ta</controlfield>
  <controlfield tag="008">250821s1998    mx ad||frm||| 001 0 spa d</controlfield>
  <datafield tag="040" ind1=" " ind2=" ">
    <subfield code="a">mxchpua</subfield>
    <subfield code="c">CHAP</subfield>
  </datafield>
  <datafield tag="041" ind1="0" ind2=" ">
    <subfield code="a">spa</subfield>
    <subfield code="b">eng</subfield>
  </datafield>
  <datafield tag="090" ind1=" " ind2=" ">
    <subfield code="a">Tesis</subfield>
    <subfield code="b">F54</subfield>
    <subfield code="c">1998</subfield>
  </datafield>
  <datafield tag="100" ind1="1" ind2=" ">
    <subfield code="a">Figueroa Rodr&#xED;guez, Katia Ang&#xE9;lica</subfield>
  </datafield>
  <datafield tag="245" ind1="1" ind2="0">
    <subfield code="a">An&#xE1;lisis de la evoluci&#xF3;n de la macroagroindustria en M&#xE9;xico en el per&#xED;odo 1988-1996 /</subfield>
    <subfield code="c">Katia Ang&#xE9;lica Figueroa Rodr&#xED;guez</subfield>
  </datafield>
  <datafield tag="264" ind1=" " ind2=" ">
    <subfield code="a">Chapingo, M&#xE9;xico : </subfield>
    <subfield code="b">El autor,</subfield>
    <subfield code="c">1998</subfield>
  </datafield>
  <datafield tag="300" ind1=" " ind2=" ">
    <subfield code="a">xiii, 22 p&#xE1;ginas :</subfield>
    <subfield code="b">ilustraciones, tablas, gr&#xE1;ficas</subfield>
  </datafield>
  <datafield tag="336" ind1=" " ind2=" ">
    <subfield code="2">rdacontent</subfield>
    <subfield code="a">texto</subfield>
    <subfield code="b">txt</subfield>
  </datafield>
  <datafield tag="337" ind1=" " ind2=" ">
    <subfield code="2">rdamedia</subfield>
    <subfield code="a">no mediado</subfield>
    <subfield code="b">n</subfield>
  </datafield>
  <datafield tag="338" ind1=" " ind2=" ">
    <subfield code="2">rdacarrier</subfield>
    <subfield code="a">volumen</subfield>
    <subfield code="b">nc</subfield>
  </datafield>
  <datafield tag="502" ind1=" " ind2=" ">
    <subfield code="a">Tesis</subfield>
    <subfield code="b">(Ingeniero Agroindustrial) --</subfield>
    <subfield code="c">UACh. Departamento de Ingenier&#xED;a Agroindustrial,</subfield>
    <subfield code="d">1998</subfield>
  </datafield>
  <datafield tag="504" ind1=" " ind2=" ">
    <subfield code="a">Bibliograf&#xED;a: p&#xE1;ginas 219-222</subfield>
  </datafield>
  <datafield tag="520" ind1="3" ind2=" ">
    <subfield code="a">Las macroagroindustrias, para el caso de M&#xE9;xico, son unidades econ&#xF3;micas dedicadas a procesos agroindustriales, especialmente de los sectores de alimentos,bebidas y tabaco, que reportan niveles de ventas superiores a los 40 millones de pesos para 1996 y generan m&#xE1;s de 250 empleos
directos, individualmente. Su capital, en general, es privado, nacional y/o extranjero, constituy&#xE9;ndose o no en grupos empresariales diversificados con integraci&#xF3;n vertical y/u horizontal. Estas fueron analizadas de 1988 a 1996 consider&#xE1;ndose su ubicaci&#xF3;n, origen y conformaci&#xF3;n del capital, empleos generados, ventas, utilidades, activo total, pasivo total,capital contable, apalancamiento, solvencia y liquidez. Se compar&#xF3; su dinamismo con respecto a empresas de la industria de alimentos, bebidas y tabaco; as&#xED; como con las 500 empresas m&#xE1;s importantes de M&#xE9;xico Fueron consideradas un total de 18 macroagroindustrias, de 173, como estudios de caso concretos, 11 de la industria de alimentos, 5 de bebidas, 2 de tabaco y el caso especial del Grupo Pulsar. La investigaci&#xF3;n concluye que los elementos de desarrollo de las macroagroindustrias son: el tipo de productos que elaboran; el crecimiento mediante fusiones, adquisiciones y alianzas estrat&#xE9;gicas que llevan a cabo; la participaci&#xF3;n en el mercado de valores; la conformaci&#xF3;n de grupos empresariales y la trasnacionalizaci&#xF3;n.</subfield>
  </datafield>
  <datafield tag="520" ind1="3" ind2=" ">
    <subfield code="a">The macroagroindustries (MAI), for the case of Mexico, are economic units dedicated to agroindustrial processes, especially in the food, beverage and tobacco industries, that report sales over 40 million Mexican pesos (in 1996) and generate more than 250 jobs, each. Their capital, in general, is private, either domestic and/or foreign. They may be constituted or not in managerial groups diversified with integrative growth. The MAI were analyzed from 1988 to 1996, on the basis of their location, origin and capital conformation, employees, sales profits, total assets, total passive, countable capital, financial leverage, solvency and liquidity. Their dynamism was compared with the rest of the food, beverage and tobacco industry as well as with the 500 most important companies of Mexico. A total of 18 MAI were included as case studies, 11 from the food industry, 5 from the beverage industry, 2 from the tobacco industry and the special case of "Grupo Pulsar". The investigation concludes that the elements of development of the MAI are: the type of products that they process; the merges, acquisitions and joint-ventures that they carry out; their participation in the stock market; their constitution as managerial groups derived from the integrative growth and the managerial conglomeration; as well as their internationalization.</subfield>
  </datafield>
  <datafield tag="650" ind1="1" ind2="3">
    <subfield code="a">Industria de los alimentos  </subfield>
    <subfield code="z">M&#xE9;xico</subfield>
    <subfield code="2">atg</subfield>
  </datafield>
  <datafield tag="650" ind1="1" ind2="3">
    <subfield code="a">Food industry</subfield>
    <subfield code="z">Mexico</subfield>
    <subfield code="2">atg</subfield>
  </datafield>
  <datafield tag="700" ind1="1" ind2=" ">
    <subfield code="a">Schwentesius Rinderman, Rita</subfield>
    <subfield code="e">directora</subfield>
  </datafield>
  <datafield tag="700" ind1="1" ind2=" ">
    <subfield code="a">Reyes Vigil, Miguel</subfield>
    <subfield code="e">asesor</subfield>
  </datafield>
  <datafield tag="700" ind1="1" ind2=" ">
    <subfield code="a">Torres Torres, Felipe</subfield>
    <subfield code="e">asesor</subfield>
  </datafield>
  <datafield tag="901" ind1=" " ind2=" ">
    <subfield code="a">TESIS F54 1998</subfield>
  </datafield>
  <datafield tag="942" ind1=" " ind2=" ">
    <subfield code="2">Clasificaci&#xF3;n Universidad Aut&#xF3;noma Chapingo</subfield>
    <subfield code="c">TESIS</subfield>
  </datafield>
  <datafield tag="999" ind1=" " ind2=" ">
    <subfield code="c">187425</subfield>
    <subfield code="d">187425</subfield>
  </datafield>
  <datafield tag="952" ind1=" " ind2=" ">
    <subfield code="0">0</subfield>
    <subfield code="1">0</subfield>
    <subfield code="2">local</subfield>
    <subfield code="4">0</subfield>
    <subfield code="5">1</subfield>
    <subfield code="7">0</subfield>
    <subfield code="8">TESIS</subfield>
    <subfield code="a">IA_</subfield>
    <subfield code="b">IA_</subfield>
    <subfield code="d">2025-08-21</subfield>
    <subfield code="e">El autor</subfield>
    <subfield code="l">0</subfield>
    <subfield code="o">Tesis F54 1998</subfield>
    <subfield code="p">1101015851</subfield>
    <subfield code="r">2026-02-02 00:00:00</subfield>
    <subfield code="t">Ej.1</subfield>
    <subfield code="w">2025-08-21</subfield>
    <subfield code="y">TESIS</subfield>
  </datafield>
  <datafield tag="952" ind1=" " ind2=" ">
    <subfield code="0">0</subfield>
    <subfield code="1">0</subfield>
    <subfield code="2">local</subfield>
    <subfield code="4">0</subfield>
    <subfield code="5">5</subfield>
    <subfield code="7">0</subfield>
    <subfield code="8">TESIS</subfield>
    <subfield code="a">IA_</subfield>
    <subfield code="b">IA_</subfield>
    <subfield code="d">2025-08-21</subfield>
    <subfield code="e">El autor</subfield>
    <subfield code="l">0</subfield>
    <subfield code="o">Tesis F54 1998</subfield>
    <subfield code="p">1101015852</subfield>
    <subfield code="r">2026-02-02 00:00:00</subfield>
    <subfield code="t">Ej.2</subfield>
    <subfield code="w">2025-08-21</subfield>
    <subfield code="y">TESIS</subfield>
  </datafield>
</record>
